00524nam a22001697a 450000500170000001000150001702000250003203500140005703700130007108200110008410000190009524501140011426000530022827000430028130000240032470000060034820191114151146.0 aENG-126900 a9789350693674c70.00 aEN-110432 bDBAD/PUB a230.35 aWitz, Klaus G. aConsciousness and divinity :cby Klaus G.Witzban introduction to Sri Sathya Sai baba's universal teachings / aAndra PradeshbSri Sathya Sai Sadhna Trustc2018 aPrasanthi Nilayame515134k08555287375 axi;228p.c21cm(pbk) a